[Event "Buenos Aires Philidor CC op"]
[Site "Buenos Aires"]
[Date "2019.09.27"]
[Round "2.5"]
[White "Ferraro, Carlos"]
[Black "Alija, Miguel Angel"]
[Result "1-0"]
[WhiteElo "2127"]
[BlackElo "1693"]
[PlyCount "69"]
[EventDate "2019.09.27"]
[EventType "tourn (rapid)"]
[EventRounds "6"]
[EventCountry "ARG"]
[SourceTitle "EXT 2024"]
[Source "ChessBase"]
[SourceDate "2023.10.10"]
[SourceVersion "1"]
[SourceVersionDate "2023.10.10"]
[SourceQuality "1"]

1. e4 e5 2. Nf3 d6 3. d4 exd4 4. Nxd4 Nd7 5. Nc3 c6 6. Be2 Ngf6 7. 0-0 Be7 8. Nf5 0-0 9. Nxd6 Bxd6 10. Qxd6 Re8 11. Bg5 Re6 12. Qd2 Qe8 13. f3 b6 14. Bc4 Re7 15. Rad1 b5 16. Bb3 a5 17. a3 Qf8 18. Qd6 Bb7 19. Rfe1 Rd8 20. Bxf6 gxf6 21. Qc7 Ba8 22. Qxa5 Ree8 23. Qa7 Re7 24. Qf2 Ne5 25. Rxd8 Qxd8 26. Rd1 Rd7 27. Qe2 Nc4 28. Bxc4 bxc4 29. Rxd7 Qxd7 30. Qd1 Qa7+ 31. Kf1 Kg7 32. Qd2 Bb7 33. Qf2 Qb8 34. Qg3+ Qxg3 35. hxg3 1-0

[Event "Torre Blanca-A"]
[Site "Buenos Aires"]
[Date "2002.02.26"]
[Round "10"]
[White "Ferraro, Carlos"]
[Black "Koch, Juan Enrique"]
[Result "1-0"]
[WhiteElo "2158"]
[BlackElo "2162"]
[PlyCount "89"]
[EventDate "2002.02.05"]
[EventType "tourn"]
[EventRounds "11"]
[EventCountry "ARG"]
[SourceTitle "EXT 2003"]
[Source "ChessBase"]
[SourceDate "2002.11.25"]
[SourceVersion "1"]
[SourceVersionDate "2002.11.25"]
[SourceQuality "1"]

1. Nf3 Nf6 2. g3 e6 3. d3 d5 4. Nbd2 Be7 5. Bg2 0-0 6. 0-0 c5 7. e4 Nc6 8. e5 Nd7 9. Re1 Qc7 10. Qe2 b5 11. h4 a5 12. Nf1 b4 13. Bf4 Ba6 14. Ne3 Rfc8 15. Nxd5 exd5 16. e6 Qd8 17. exd7 Qxd7 18. Ne5 Nxe5 19. Qxe5 Bf6 20. Qxd5 Qxd5 21. Bxd5 Bxb2 22. Rab1 Bf6 23. Bxa8 Rxa8 24. Be5 c4 25. d4 h6 26. a3 bxa3 27. Bxf6 gxf6 28. Ra1 Bb7 29. Rxa3 a4 30. f3 Bc6 31. Rb1 Rd8 32. Rb6 Be8 33. Kf2 Rxd4 34. Rb8 Kf8 35. Re3 Rd2+ 36. Ke1 Rxc2 37. Rexe8+ Kg7 38. Rg8+ Kh7 39. h5 f5 40. Rh8+ Kg7 41. Rbg8+ Kf6 42. Rxh6+ Ke5 43. Ra6 Kd4 44. Rxa4 Rh2 45. Rd8+ 1-0

[Event "Torre Blanca-A"]
[Site "Buenos Aires"]
[Date "2002.02.21"]
[Round "8"]
[White "Ferraro, Carlos"]
[Black "Pedro, Fernando Pablo"]
[Result "1/2-1/2"]
[WhiteElo "2158"]
[BlackElo "2193"]
[PlyCount "40"]
[EventDate "2002.02.05"]
[EventType "tourn"]
[EventRounds "11"]
[EventCountry "ARG"]
[SourceTitle "EXT 2003"]
[Source "ChessBase"]
[SourceDate "2002.11.25"]
[SourceVersion "1"]
[SourceVersionDate "2002.11.25"]
[SourceQuality "1"]

1. e4 e6 2. d3 c5 3. g3 g6 4. Bg2 Bg7 5. Nf3 Nc6 6. 0-0 Nge7 7. Re1 e5 8. c3 d6 9. Na3 0-0 10. Nc2 h6 11. d4 Bg4 12. dxc5 dxc5 13. Qxd8 Rfxd8 14. Ne3 Be6 15. Bf1 Rd7 16. b3 a6 17. Ba3 b6 18. Rad1 Rad8 19. Rxd7 Rxd7 20. Rd1 Rxd1 1/2-1/2

[Event "Torre Blanca Copa de Campeones"]
[Site "Buenos Aires"]
[Date "2001.11.22"]
[Round "6"]
[White "Ferraro, Carlos"]
[Black "Groesman, Gustavo"]
[Result "1-0"]
[WhiteElo "2164"]
[BlackElo "2033"]
[PlyCount "29"]
[EventDate "2001.11.05"]
[EventType "swiss"]
[EventRounds "7"]
[EventCountry "ARG"]
[SourceTitle "EXT 2003"]
[Source "ChessBase"]
[SourceDate "2002.11.25"]
[SourceVersion "1"]
[SourceVersionDate "2002.11.25"]
[SourceQuality "1"]

1. e4 d5 2. exd5 Qxd5 3. Nc3 Qa5 4. d4 Nf6 5. Nf3 Bf5 6. Bd2 Nbd7 7. b4 Qb6 8. Na4 Qe6+ 9. Be2 Qe4 10. Rc1 0-0-0 11. Ng5 Qxd4 12. Nxf7 Ne4 13. Be3 Qf6 14. Nxd8 e5 15. Nxb7 1-0

[Event "Torre Blanca Copa de Campeones"]
[Site "Buenos Aires"]
[Date "2001.11.19"]
[Round "5"]
[White "Vajnik, Eduard"]
[Black "Ferraro, Carlos"]
[Result "1/2-1/2"]
[WhiteElo "2100"]
[BlackElo "2164"]
[PlyCount "181"]
[EventDate "2001.11.05"]
[EventType "swiss"]
[EventRounds "7"]
[EventCountry "ARG"]
[SourceTitle "EXT 2003"]
[Source "ChessBase"]
[SourceDate "2002.11.25"]
[SourceVersion "1"]
[SourceVersionDate "2002.11.25"]
[SourceQuality "1"]

1. c4 Nf6 2. Nc3 g6 3. g3 Bg7 4. Bg2 c6 5. e4 d6 6. d3 0-0 7. Nge2 e5 8. 0-0 a6 9. Bd2 Nbd7 10. Qc1 Nc5 11. b4 Nxd3 12. Qb1 Nxf2 13. Rxf2 Ng4 14. Rf1 Qb6+ 15. c5 dxc5 16. Na4 Qb5 17. Nac3 Qc4 18. a3 Rd8 19. Qa2 Be6 20. Qxc4 Bxc4 21. Bc1 cxb4 22. axb4 Rd3 23. h3 Ne3 24. Bxe3 Rxe3 25. Kf2 Rd3 26. Rfd1 Rad8 27. Rxd3 Rxd3 28. Rd1 Bf8 29. Rxd3 Bxd3 30. Na2 Kg7 31. Ke3 Bc4 32. Nec1 Kf6 33. Bf3 Bh6+ 34. Kf2 Bd2 35. Be2 Be6 36. Bf1 Ke7 37. Ke2 Bh6 38. Kd1 Be3 39. Nc3 Bf2 40. N3e2 Bc4 41. Kd2 f6 42. Nd3 Bb6 43. Nc3 a5 44. bxa5 Bxa5 45. Kc2 Kd6 46. Be2 b5 47. Nc1 Be6 48. Bf1 Bb6 49. Nd1 Kc5 50. Ne2 Kb4 51. Ndc3 Be3 52. Nd1 Bb3+ 53. Kd3 Bb6 54. Ne3 h5 55. g4 h4 56. Ng2 Bf2 57. Ne3 Ba2 58. Nc2+ Kc5 59. Ne3 Bb1+ 60. Nc2 b4 61. Nc1 Kb6 62. Kd2 Bc5 63. Bc4 Bf8 64. Bf7 Bh6+ 65. Kd1 f5 66. gxf5 gxf5 67. exf5 c5 68. f6 Bg5 69. Nd3 Bxf6 70. Nb2 Kc6 71. Kc1 Bxc2 72. Kxc2 e4 73. Nc4 Bd4 74. Kb3 Kd7 75. Bd5 e3 76. Bf3 Ke6 77. Kc2 Kf5 78. Kd3 Kf4 79. Bg4 b3 80. Na3 Kg3 81. Ke2 b2 82. Bf5 Kf4 83. Be6 Bc3 84. Ba2 Bd2 85. Nc4 Bc1 86. Bb1 Kg3 87. Bf5 b1Q 88. Bxb1 Kxh3 89. Nxe3 Kg3 90. Nf5+ Kg4 91. Nxh4 1/2-1/2

[Event "Torre Blanca Copa de Campeones"]
[Site "Buenos Aires"]
[Date "2001.11.15"]
[Round "4"]
[White "Ferraro, Carlos"]
[Black "Fiori, Hector Dionisio"]
[Result "0-1"]
[WhiteElo "2164"]
[BlackElo "2029"]
[PlyCount "132"]
[EventDate "2001.11.05"]
[EventType "swiss"]
[EventRounds "7"]
[EventCountry "ARG"]
[SourceTitle "EXT 2003"]
[Source "ChessBase"]
[SourceDate "2002.11.25"]
[SourceVersion "1"]
[SourceVersionDate "2002.11.25"]
[SourceQuality "1"]

1. Nf3 Nf6 2. b3 e6 3. Bb2 d5 4. e3 Bd6 5. c4 c6 6. Be2 0-0 7. 0-0 Re8 8. Ne5 Nfd7 9. f4 f6 10. Nxd7 Nxd7 11. cxd5 exd5 12. Bh5 g6 13. Bf3 Nc5 14. d4 Ne4 15. Nd2 Nxd2 16. Qxd2 Bf5 17. Bc3 Be4 18. Bb4 a5 19. Bxd6 Qxd6 20. Bxe4 Rxe4 21. Rf3 Qb4 22. Rd1 f5 23. Qxb4 axb4 24. Rd2 Ree8 25. Kf2 Ra5 26. Ke1 Rea8 27. Rff2 Kf7 28. Rc2 Ke6 29. Kd1 Kd6 30. Kc1 Re8 31. Rf3 b6 32. Rh3 Ra7 33. Rf3 Re4 34. Kd2 c5 35. Kd3 Kc6 36. h3 Kb5 37. dxc5 bxc5 38. g4 c4+ 39. bxc4+ dxc4+ 40. Kd2 c3+ 41. Kd3 Rd7+ 42. Ke2 Kc4 43. gxf5 b3 44. axb3+ Kxb3 45. Rc1 Rd2+ 46. Ke1 gxf5 47. Rb1+ Kc2 48. Ra1 Rb4 49. Ra2+ Rb2 50. Ra1 Rb1+ 51. Rxb1 Kxb1 52. e4 Kb2 53. exf5 Rd6 54. Ke2 c2 55. Rf1 Rf6 56. Kd3 Rxf5 57. Ke4 Rf8 58. Ke5 c1Q 59. Rxc1 Kxc1 60. h4 Kd2 61. f5 Ke3 62. f6 Kf3 63. Kf5 Kg3 64. h5 Kh4 65. h6 Kh5 66. Ke6 Kxh6 0-1

[Event "Torre Blanca Aug 01"]
[Site "Buenos Aires"]
[Date "2001.08.30"]
[Round "7"]
[White "Ferraro, Carlos"]
[Black "Benigni, Daniel"]
[Result "1/2-1/2"]
[WhiteElo "2164"]
[BlackElo "2128"]
[PlyCount "116"]
[EventDate "2001.08.??"]
[EventType "swiss"]
[EventRounds "7"]
[EventCountry "ARG"]
[SourceTitle "EXT 2005"]
[Source "ChessBase"]
[SourceDate "2004.11.15"]
[SourceVersion "1"]
[SourceVersionDate "2004.11.15"]
[SourceQuality "1"]

1. d4 d5 2. Nf3 e6 3. g3 Nf6 4. Bg2 Be7 5. 0-0 0-0 6. c4 c6 7. b3 Nbd7 8. Ba3 b6 9. Qc1 Ba6 10. Re1 Rc8 11. Bxe7 Qxe7 12. Qa3 Qxa3 13. Nxa3 dxc4 14. bxc4 c5 15. Rac1 cxd4 16. Nxd4 Ne5 17. c5 Rxc5 18. Rxc5 bxc5 19. Ndb5 Nc4 20. Rc1 Nxa3 21. Nxa3 Rc8 22. e4 Kf8 23. f3 Nd7 24. Kf2 Rb8 25. Rb1 Rxb1 26. Nxb1 Ke7 27. Nc3 Kd6 28. f4 f6 29. Bh3 Bc4 30. Ke3 Nb8 31. Bg2 Na6 32. a3 Nc7 33. e5+ fxe5 34. Ne4+ Kc6 35. fxe5 Bd5 36. Bf1 Nb5 37. Bxb5+ Kxb5 38. Nc3+ Kc4 39. Ne2 g5 40. Kd2 Bc6 41. h4 h6 42. hxg5 hxg5 43. Ke3 Kb3 44. Kd2 Kxa3 45. Kc3 Ka4 46. Ng1 Kb5 47. Nh3 g4 48. Nf2 Bf3 49. Nd3 Be4 50. Nb2 a5 51. Nc4 a4 52. Nd6+ Kc6 53. Nxe4 Kd5 54. Nf2 Kxe5 55. Nxg4+ Ke4 56. Nf6+ Kf3 57. g4 Kf4 58. g5 Kxg5 1/2-1/2

[Event "Torre Blanca Aug 01"]
[Site "Buenos Aires"]
[Date "2001.08.09"]
[Round "2"]
[White "Wainer, Daniel"]
[Black "Ferraro, Carlos"]
[Result "0-1"]
[WhiteElo "2091"]
[BlackElo "2164"]
[PlyCount "98"]
[EventDate "2001.08.??"]
[EventType "swiss"]
[EventRounds "7"]
[EventCountry "ARG"]
[SourceTitle "EXT 2005"]
[Source "ChessBase"]
[SourceDate "2004.11.15"]
[SourceVersion "1"]
[SourceVersionDate "2004.11.15"]
[SourceQuality "1"]

1. g3 g6 2. Bg2 Bg7 3. Nf3 Nf6 4. 0-0 d5 5. c4 c6 6. d4 0-0 7. Nc3 Ne4 8. cxd5 Nxc3 9. bxc3 cxd5 10. e4 e6 11. exd5 exd5 12. Qb3 Nc6 13. Nd2 Be6 14. Qxb7 Qb6 15. Rb1 Qxb7 16. Rxb7 Rfc8 17. Bb2 Rab8 18. Rxb8 Rxb8 19. Ba3 Rb5 20. Nb3 Na5 21. Nd2 Nc6 22. Nb3 Na5 23. Nc5 Nc4 24. Nxe6 fxe6 25. Bc5 Nb6 26. f4 Na4 27. Bxa7 Nxc3 28. Re1 Kf7 29. Bf3 Ra5 30. Bc5 Rxa2 31. Re3 Nb5 32. Rd3 Ra4 33. Rb3 Bxd4+ 34. Kg2 Ra2+ 35. Kh3 Bxc5 36. Rxb5 Bg1 37. Bg2 Kf6 38. Rb1 Be3 39. Bf3 Rf2 40. Bg2 h6 41. Re1 d4 42. Be4 g5 43. fxg5+ hxg5 44. Rb1 Ke5 45. Bd3 Rd2 46. Rb3 Bg1 47. Kg4 Bxh2 48. Kxg5 Bxg3 49. Kg4 Be1 0-1